| 000 | 00000nam##2200000za#4500 |
| 001 | 9.649318 |
| 003 | CaOODSP |
| 005 | 20210615113631 |
| 007 | ta |
| 008 | 150407|2004||||xxc||||| f|0| 0 eng|d |
| 020 | |a0-662-37188-7 |
| 040 | |aCaOODSP|beng |
| 043 | |an-cn--- |
| 086 | 1 |aEn49-16/3-2002E |
| 110 | 1 |aCanada.|bEnvironment Canada. |bNational Pollutant Release Inventory. |
| 245 | 10|aNational overview – National Pollutant Release Inventory, 2002 : |bon-site releases of NPRI pollutants |
| 260 | |aOttawa - Ontario : |bEnvironment Canada. |c[2004]. |
| 300 | |a18p. : |breferences, tables ; |c28 cm. |
| 500 | |a"Canadian Environmental Protection Act, 1999." |
| 520 | 3 |aThe National Pollutant Release Inventory (NPRI) is a legislated inventory of pollutants released into the environment. In 2002, 2595 facilities submitted reports of on-site releases; total on-site releases were estimated at just more than 200 000 tonnes. This reports details the percentage of pollutants released into the air, land, and water; the pollutants released in the largest quantities; and the industrial sectors releasing the largest quantities of pollutants. |
| 563 | |aSoftcover |
| 590 | |a05-08|b2005-02-25 |
| 690 | 07|aPollutants|2gcpds |
| 775 | 08|tCompte rendu national - Inventaire national des rejets de polluants, 2002 : |w(CaOODSP)9.682525 |
| 776 | 0#|tNational overview – National Pollutant Release Inventory, 2002 |w(CaOODSP)9.687338 |